书目信息 |
| 题名: |
化验工入门
|
|
| 作者: | 李玉娟 , 翁月珍 编 | |
| 分册: | ||
| 出版信息: | 杭州 浙江科学技术出版社 1994.02 |
|
| 页数: | 259页 | |
| 开本: | 32开 | |
| 丛书名: | ||
| 单 册: | ||
| 中图分类: | O6-3:TQ016 , O6-3 | |
| 科图分类: | ||
| 主题词: | 化学实验 | |
| 电子资源: | ||
| ISBN: | 7-5341-0602-8 | |
| 000 | 00607nam0 2200217 45 | |
| 001 | 0009131579 | |
| 005 | 20091104105649.18 | |
| 010 | @a7-5341-0602-8@d9.50元 | |
| 100 | @a20000913d1994 km y0chiy0120 ea | |
| 101 | 0 | @achi |
| 105 | @a z 000yy | |
| 200 | 1 | @a化验工入门@AHua Yan Gong Ru Men@f李玉娟,翁月珍编@FLi Yu Juan,Weng Yue Zhen Bian |
| 210 | @a杭州@c浙江科学技术出版社@d1994.02 | |
| 215 | @a259页@d32开 | |
| 606 | 0 | @a化学实验 |
| 690 | @aO6-3:TQ016@v3 | |
| 690 | @aO6-3@v4 | |
| 701 | 0 | @a李玉娟@4编 |
| 701 | 0 | @a翁月珍@4编 |
| 801 | @aCN@bPftUser@c20091104 | |
| 905 | @b139660-662@dO6-3@eL320@f3 | |
| 化验工入门/李玉娟,翁月珍编.-杭州:浙江科学技术出版社,1994.02 |
| 259页;32开 |
| ISBN 7-5341-0602-8:9.50元 |
| ● |
| 相关链接 |
|
|
|
正题名:化验工入门
索取号:O6-3/L320
 
预约/预借
| 序号 | 登录号 | 条形码 | 馆藏地/架位号 | 状态 | 备注 |
| 1 | 139660 | 201396603 | 自科库401/401自科库 60排6列1层/ [索取号:O6-3/L320] | 在馆 | |
| 2 | 139661 | 201396612 | 自科库401/401自科库 60排6列1层/ [索取号:O6-3/L320] | 在馆 | |
| 3 | 139662 | 201396621 | 自科库401/401自科库 60排6列1层/ [索取号:O6-3/L320] | 在馆 |